| 000 | 00366cam a22001337a 4500 | ||
|---|---|---|---|
| 008 | 180718b1961 xxu||||| |||| 00| 0 eng d | ||
| 082 | _aB1241x68 D769 | ||
| 100 | _aDoxey, G.V. | ||
| 245 |
_aIndustrial colourbar in South Africa _cby G.V. Doxey |
||
| 260 |
_aLondon _bOUP _c1961 |
||
| 300 | _a205p. | ||
| 500 | _a22/6 | ||
| 650 | _aRace Problems - Union of South Africa | ||
| 999 |
_c364418 _d364418 |
||